00241nas a2200097 4500000000100000008004100001100001700042700002000059245005200079300001200131 2017 d1 aEster López1 aLeandro Navarro00aTight bounds for sketches in traffic validation a210-215